Chúng ta hiện đang đối mặt với lỗ hổng lý luận về mỹ thuật? /

Guardat en:
Dades bibliogràfiques
Autor principal: Uyên Huy.
Format: Article
Idioma:Vietnamese
Matèries:
Etiquetes: Afegir etiqueta
Sense etiquetes, Sigues el primer a etiquetar aquest registre!
Thư viện lưu trữ: Thư viện Trường Đại học Đà Lạt
LEADER 00869nam a2200277 4500
001 DLU170182700
005 ##20171227
040 # # |a DLU  |b vie 
041 # # |a vie 
044 # # |a vn 
100 # # |a Uyên Huy. 
245 # # |a Chúng ta hiện đang đối mặt với lỗ hổng lý luận về mỹ thuật? /  |c Uyên Huy. 
653 # # |a Giảng dạy mỹ thuật 
653 # # |a Lý luận mỹ thuật 
653 # # |a Mỹ thuật 
653 # # |a Nghệ sĩ chuyên nghiệp 
653 # # |a Văn hóa mỹ thuật 
773 # # |t Tạp chí Lý luận, phê bình văn học, nghệ thuật  |g Số 12, 2013, tr. 35-41 
920 # # |a Phòng Tạp chí --Trung tâm Thông tin - Thư viện Trường Đại học Đà Lạt 
900 # # |a True 
911 # # |a Lê Thị Hồng 
925 # # |a G 
926 # # |a A 
927 # # |a BB 
980 # # |a Thư viện Trường Đại học Đà Lạt